000 00986nas a2200289 4500
001 BR0201356
003 BR-BrBNA
005 20231205102805.0
007 ta
008 230509b bl.|||p| |||| 00| 00por d
040 _aBR-BrBNA
_bpor
_cBiblioteca Nacional de Agricultura
041 _a(Pt)
072 _aL53; L10
110 1 _aColégio Brasileiro de Reprodução Anima, Belo Horizonte, MG (Brasil)
111 1 _a14. Congresso Brasileiro de Reprodução Animal
_cBelo Horizonte, MG (Brazil)
_d1-5 Aug 2001
245 1 _aA reprodução e o Bem-Estar Animal
650 _aBOVINO
650 _aCÃO
650 _aINSEMINAÇÃO ARTIFICIAL
650 _aTRANSFERÊNCIA DE EMBRIÃO
650 _aCULTURA IN VITRO
650 _aREPRODUÇÃO ANIMAL
650 _aANIMAL SELVAGEM
773 0 _tRevista Brasileira de Reprodução Animal (Brazil)
_xISSN 0102-0803
_g(Apr-Jun 2001), v.25(2) p. 53-276
_wBR0201356
909 _a202311
_bLúcia
_c55
_dLúcia Elande
942 _2AGRIS
_n0
_cANA
999 _c169335
_d169335